Playgroups in practice : self-help and public

Αποθηκεύτηκε σε:
Λεπτομέρειες βιβλιογραφικής εγγραφής
Κύριος συγγραφέας: Brophy, Julia
Άλλοι συγγραφείς: Statham, June, Moss, Peter 1945-
Μορφή: Βιβλίο
Γλώσσα:English
Δημοσίευση: London : H.M.S.O., 1992
Θέματα:
Ετικέτες: Προσθήκη ετικέτας
Δεν υπάρχουν, Καταχωρήστε ετικέτα πρώτοι!

MARC

LEADER 00000nam a2200000 i 4500
001 1/94004
008 991124s1992 eng d
020 |a 0-11-321498-7 
035 |l 10054632 
040 |a GR-MY-UA  |b gre  |e aacr 
041 0 |a eng 
082 0 |a 362.71 
100 1 |a Brophy, Julia. 
245 1 0 |a Playgroups in practice :  |b self-help and public /  |c Julia Brophy, June Statham, Peter Moss ; with Edward Melhuish, Charlie Owen 
260 |a London :   |b H.M.S.O.,   |c 1992 
300 |a 150 p. 
500 |a Ανω του τίτλου: Department of Health 
650 0 0 |a Play groups  |z Great Britain. 
700 1 |a Statham, June. 
700 1 |a Moss, Peter  |d 1945- 
852 |a INST  |b RHODES  |e 19991124  |h 362.71 BRO  |p 005400011938  |q 005400011938  |t BK  |y 0 
901 |a BIBL4-1999-3 
909 |a Ρ  |b 068187 
922 |a 4ΕΛΗ  |b 199908  |c ΚΠΣ/154  |d GLORY BOOKS 
970 |a ΚΟΥΛΑΚΙΟΤΗ  |b ΛΙΤΣΑ  |z 1999/11/24